[Event "Arco op 41st"]
[Site "Arco"]
[Date "2019.10.09"]
[Round "6"]
[White "Eschweiler, Markus"]
[Black "Tsiapouris, Michael"]
[Result "0-1"]
[WhiteElo "1648"]
[BlackElo "1862"]
[PlyCount "94"]
[EventDate "2019.10.04"]
[EventType "swiss"]
[EventRounds "9"]
[EventCountry "ITA"]
[SourceTitle "EXT 2020"]
[Source "ChessBase"]
[SourceDate "2019.10.17"]
[SourceVersion "1"]
[SourceVersionDate "2019.10.17"]
[SourceQuality "1"]

1. c4 g6 2. d4 Nf6 3. Nc3 Bg7 4. e4 d6 5. h3 0-0 6. Nf3 e5 7. Be3 Nbd7 8. Be2 exd4 9. Bxd4 Re8 10. Qc2 c6 11. 0-0 Qe7 12. Rfe1 Nc5 13. Bxc5 dxc5 14. Rad1 h6 15. Bd3 Nd7 16. Ne2 Ne5 17. Nxe5 Qxe5 18. b3 Qb2 19. Qxb2 Bxb2 20. Rd2 Bf6 21. Kh2 Be6 22. Red1 Red8 23. Nf4 Bc3 24. Nxe6 fxe6 25. Rc2 Be5+ 26. g3 Rd4 27. f4 Bg7 28. e5 Rad8 29. Rcd2 g5 30. fxg5 hxg5 31. Kg2 Bxe5 32. Kf3 Bc7 33. Kg2 Ba5 34. Re2 Rxd3 35. Rxd3 Rxd3 36. Rxe6 Kf7 37. Re5 Kf6 38. Re2 Rd2 39. Kf3 Rxe2 40. Kxe2 Kf5 41. Ke3 Bc7 42. g4+ Ke5 43. Kf3 Kd4 44. h4 gxh4 45. g5 Be5 46. Kg4 Kc3 47. Kxh4 Kb2 0-1

[Event "Bezirksliga Oberbayern 1819"]
[Site "Bayern"]
[Date "2019.02.24"]
[Round "7.5"]
[White "Obermeier, Herbert"]
[Black "Tsiapouris, Michael"]
[Result "1/2-1/2"]
[WhiteElo "1956"]
[BlackElo "1841"]
[PlyCount "96"]
[EventDate "2018.10.21"]
[EventType "team-tourn"]
[EventRounds "9"]
[EventCountry "GER"]
[SourceTitle "EXT 2022"]
[Source "ChessBase"]
[SourceDate "2021.10.06"]
[SourceVersion "1"]
[SourceVersionDate "2021.10.06"]
[SourceQuality "1"]
[WhiteTeam "Traunstein/Traunreut"]
[BlackTeam "Germering II"]
[WhiteTeamCountry "GER"]
[BlackTeamCountry "GER"]

1. d4 Nf6 2. Bf4 d5 3. c3 Bf5 4. Qb3 Qc8 5. Nf3 e6 6. Nbd2 Be7 7. h3 0-0 8. e3 c5 9. dxc5 Bxc5 10. Nh4 Be4 11. Nxe4 dxe4 12. g4 Nbd7 13. Ng2 Be7 14. Be2 Nc5 15. Qc2 Rd8 16. 0-0 Nd3 17. Bg3 h6 18. Rfd1 Nc5 19. Rd4 Qc6 20. Rad1 Rd7 21. b4 Rxd4 22. exd4 Ncd7 23. Qb3 b5 24. c4 bxc4 25. Bxc4 Nb6 26. Ba6 Nbd5 27. b5 Qb6 28. Ne3 Nb4 29. Nc4 Qd8 30. Bb7 Rb8 31. Bxb8 Qxb8 32. Bc6 Qc7 33. Ne5 Nfd5 34. a3 f6 35. Ng6 Nxc6 36. bxc6 Bd6 37. Qb7 Qa5 38. Qc8+ Kh7 39. Nf8+ Bxf8 40. Qxf8 Qc3 41. Qd6 Qf3 42. Qxe6 Qxd1+ 43. Kh2 Qf3 44. Qxd5 Qxf2+ 45. Kh1 Qf1+ 46. Kh2 Qf2+ 47. Kh1 Qe1+ 48. Kh2 Qf2+ 1/2-1/2

[Event "Bezirksliga Oberbayern 1819"]
[Site "Bayern"]
[Date "2018.12.16"]
[Round "4.5"]
[White "Tsiapouris, Michael"]
[Black "Meier, Desiderius"]
[Result "0-1"]
[WhiteElo "1841"]
[BlackElo "2096"]
[PlyCount "58"]
[EventDate "2018.10.21"]
[EventType "team-tourn"]
[EventRounds "9"]
[EventCountry "GER"]
[SourceTitle "EXT 2022"]
[Source "ChessBase"]
[SourceDate "2021.10.06"]
[SourceVersion "1"]
[SourceVersionDate "2021.10.06"]
[SourceQuality "1"]
[WhiteTeam "Germering II"]
[BlackTeam "Graefelfing SK"]
[WhiteTeamCountry "GER"]
[BlackTeamCountry "GER"]

1. Nf3 e6 2. g3 f5 3. Bg2 Nf6 4. 0-0 Be7 5. d3 0-0 6. Nbd2 d6 7. e4 fxe4 8. dxe4 e5 9. c3 Kh8 10. Nh4 Be6 11. Qe2 Nc6 12. Nc4 Qd7 13. Ne3 Rf7 14. Nef5 Raf8 15. Bg5 Bd8 16. g4 g6 17. Nh6 Rg7 18. Qf3 Be7 19. Qg3 Nxe4 20. Bxe4 Bxg5 21. Qh3 Bxh6 22. Nxg6+ hxg6 23. Qxh6+ Kg8 24. h3 Rf4 25. Bxg6 Bxg4 26. Kh2 Bf5 27. Rg1 Rxf2+ 28. Kh1 Nd8 29. Bxf5 Qc6+ 0-1

[Event "Bezirksliga Oberbayern 1819"]
[Site "Bayern"]
[Date "2018.11.11"]
[Round "2.4"]
[White "Riehl, Joerg"]
[Black "Tsiapouris, Michael"]
[Result "0-1"]
[WhiteElo "1934"]
[BlackElo "1841"]
[PlyCount "54"]
[EventDate "2018.10.21"]
[EventType "team-tourn"]
[EventRounds "9"]
[EventCountry "GER"]
[SourceTitle "EXT 2022"]
[Source "ChessBase"]
[SourceDate "2021.10.06"]
[SourceVersion "1"]
[SourceVersionDate "2021.10.06"]
[SourceQuality "1"]
[WhiteTeam "Fuerstenfeldbruck TuS"]
[BlackTeam "Germering II"]
[WhiteTeamCountry "GER"]
[BlackTeamCountry "GER"]

1. d4 Nf6 2. c4 g6 3. Nc3 Bg7 4. e4 d6 5. Be2 0-0 6. Nf3 Nbd7 7. 0-0 e5 8. Be3 Re8 9. d5 Nc5 10. Nd2 a5 11. a3 Bd7 12. b4 axb4 13. axb4 Rxa1 14. Qxa1 Na6 15. Qa3 Ng4 16. Bxg4 Bxg4 17. b5 Nc5 18. Bxc5 dxc5 19. Qxc5 Bh6 20. Nb3 Qg5 21. f3 Bh3 22. Rf2 Ra8 23. b6 cxb6 24. Qxb6 Ra6 25. Qc5 b6 26. Qb4 Ra1+ 27. Nxa1 Qc1+ 0-1

[Event "Chioggia op-B 13th"]
[Site "Chioggia"]
[Date "2018.09.28"]
[Round "1"]
[White "Tencheni, Maurizio"]
[Black "Tsiapouris, Michael"]
[Result "0-1"]
[WhiteElo "1643"]
[BlackElo "1882"]
[PlyCount "80"]
[EventDate "2018.09.28"]
[EventType "swiss"]
[EventRounds "5"]
[EventCountry "ITA"]
[SourceTitle "EXT 2022"]
[Source "ChessBase"]
[SourceDate "2021.10.06"]
[SourceVersion "1"]
[SourceVersionDate "2021.10.06"]
[SourceQuality "1"]

1. Nf3 Nf6 2. b3 g6 3. Bb2 Bg7 4. e3 0-0 5. c4 d6 6. Qc2 Nbd7 7. d3 e5 8. Nbd2 Re8 9. Be2 c6 10. 0-0 Qe7 11. Rfe1 Nh5 12. Ne4 f5 13. Ng3 Nxg3 14. hxg3 Nf6 15. Nd2 Bd7 16. Rad1 Rac8 17. Qb1 d5 18. Qa1 Ng4 19. Bxg4 fxg4 20. f3 gxf3 21. gxf3 Qg5 22. Kf2 Rf8 23. Rg1 Bg4 24. Rde1 Bxf3 25. Nxf3 Qg4 26. Ke2 Rxf3 27. Kd2 Rf2+ 28. Kc1 Qf5 29. Rd1 dxc4 30. bxc4 Rd8 31. Qb1 Bh6 32. Bc3 Bxe3+ 33. Bd2 Rxd2 34. Rxd2 Bxd2+ 35. Kxd2 e4 36. Rf1 Rxd3+ 37. Qxd3 exd3 38. Rxf5 gxf5 39. Kxd3 Kf7 40. Ke3 Ke6 0-1

[Event "Schweinfurt op 26th"]
[Site "Schweinfurt"]
[Date "2016.05.28"]
[Round "5"]
[White "Wiener, Horst"]
[Black "Tsiapouris, Michael"]
[Result "1-0"]
[WhiteElo "1927"]
[BlackElo "1911"]
[PlyCount "75"]
[EventDate "2016.05.26"]
[EventType "swiss"]
[EventRounds "7"]
[EventCountry "GER"]
[SourceTitle "CBM 172 Extra"]
[Source "ChessBase"]
[SourceDate "2016.06.21"]
[SourceVersion "1"]
[SourceVersionDate "2016.06.21"]
[SourceQuality "1"]

1. e4 e6 2. d4 d5 3. Nd2 Nf6 4. e5 Nfd7 5. f4 c5 6. c3 Nc6 7. Ngf3 cxd4 8. cxd4 f5 9. a3 a5 10. Bb5 Qb6 11. Qa4 Qc7 12. 0-0 Nb6 13. Qc2 Bd7 14. Nb3 Rc8 15. Qd3 Na7 16. Bxd7+ Nxd7 17. Be3 Be7 18. Rac1 Qb6 19. Rxc8+ Nxc8 20. Qc3 0-0 21. Nxa5 Na7 22. b4 Nb5 23. Qb2 Rc8 24. Rc1 Rxc1+ 25. Qxc1 Nc7 26. Nb3 h6 27. h4 Kf7 28. h5 Bf8 29. Nh4 Be7 30. Ng6 Nf8 31. Nxe7 Kxe7 32. Qc5+ Qxc5 33. dxc5 Nb5 34. a4 Nc3 35. a5 Kd7 36. Nd4 Ke7 37. c6 bxc6 38. a6 1-0

[Event "Schweinfurt op 26th"]
[Site "Schweinfurt"]
[Date "2016.05.27"]
[Round "3"]
[White "Hansen, Klaus Bjerre"]
[Black "Tsiapouris, Michael"]
[Result "0-1"]
[WhiteElo "1736"]
[BlackElo "1911"]
[PlyCount "50"]
[EventDate "2016.05.26"]
[EventType "swiss"]
[EventRounds "7"]
[EventCountry "GER"]
[SourceTitle "CBM 172 Extra"]
[Source "ChessBase"]
[SourceDate "2016.06.21"]
[SourceVersion "1"]
[SourceVersionDate "2016.06.21"]
[SourceQuality "1"]

1. e4 e6 2. d4 d5 3. Nc3 Nf6 4. e5 Nfd7 5. Nf3 c5 6. Be3 Nc6 7. Be2 cxd4 8. Bxd4 Nxd4 9. Qxd4 Bc5 10. Qd2 0-0 11. 0-0 Be7 12. a3 Nb8 13. Bd3 Nc6 14. Ne2 f6 15. exf6 Bxf6 16. c3 e5 17. Bc2 e4 18. Nfd4 Nxd4 19. Nxd4 Be5 20. Ne2 Qd6 21. g3 Bh3 22. Rfd1 Rad8 23. Qe3 Rf3 24. Qxa7 Qf6 25. Rd2 e3 0-1

[Event "Rhein Main op-B 18th"]
[Site "Bad Homburg"]
[Date "2015.06.07"]
[Round "7"]
[White "Axelsson, Thomas"]
[Black "Tsiapouris, Michael"]
[Result "0-1"]
[WhiteElo "1769"]
[BlackElo "1888"]
[PlyCount "46"]
[EventDate "2015.06.03"]
[EventType "swiss"]
[EventRounds "7"]
[EventCountry "GER"]
[SourceTitle "CBM 167 Extra"]
[Source "ChessBase"]
[SourceDate "2015.09.14"]
[SourceVersion "1"]
[SourceVersionDate "2015.09.14"]
[SourceQuality "1"]

1. e4 e6 2. d4 d5 3. e5 c5 4. c3 Nc6 5. Nf3 Nh6 6. Bd3 Nf5 7. g4 Nh4 8. Be3 Be7 9. Nxh4 Bxh4 10. Nd2 cxd4 11. cxd4 Bd7 12. Nf3 Be7 13. a3 f6 14. 0-0 0-0 15. Rc1 Qb8 16. Re1 fxe5 17. Nxe5 Nxe5 18. dxe5 Bc6 19. Bb1 Qxe5 20. Qd3 Qe4 21. Qe2 Qf3 22. Qd3 Qxg4+ 23. Kh1 d4+ 0-1

[Event "Rhein Main op-B 18th"]
[Site "Bad Homburg"]
[Date "2015.06.04"]
[Round "2"]
[White "Tsiapouris, Michael"]
[Black "Gude, Michael"]
[Result "1-0"]
[WhiteElo "1888"]
[BlackElo "1755"]
[PlyCount "67"]
[EventDate "2015.06.03"]
[EventType "swiss"]
[EventRounds "7"]
[EventCountry "GER"]
[SourceTitle "CBM 167 Extra"]
[Source "ChessBase"]
[SourceDate "2015.09.14"]
[SourceVersion "1"]
[SourceVersionDate "2015.09.14"]
[SourceQuality "1"]

1. Nf3 f5 2. g3 Nf6 3. c4 e6 4. Bg2 Nc6 5. 0-0 Be7 6. Nc3 0-0 7. d3 d6 8. Rb1 a6 9. e3 e5 10. b4 Bd7 11. a4 Qe8 12. b5 Na5 13. Ne1 c6 14. Bd2 Bd8 15. f3 Kh8 16. bxa6 Rxa6 17. Nc2 e4 18. fxe4 fxe4 19. Nb4 Ra8 20. Nxe4 Be7 21. Qe1 Qd8 22. Bc3 Be6 23. Rb2 Qd7 24. Nxf6 Bxf6 25. Bxf6 Rxf6 26. Rxf6 gxf6 27. Qc3 Qg7 28. Rf2 Rf8 29. Nc2 Qg5 30. h4 Qh5 31. Rxf6 Kg8 32. Rxf8+ Kxf8 33. Qf6+ Qf7 34. Qd8+ 1-0

[Event "IECC Swiss-560.2"]
[Site "IECC email"]
[Date "2012.08.20"]
[Round "?"]
[White "Gavrileteanu, Lucian"]
[Black "Tsiapouris, Michael"]
[Result "1/2-1/2"]
[WhiteElo "1895"]
[BlackElo "1735"]
[PlyCount "128"]
[EventDate "2012.??.??"]
[EventType "swiss (corr)"]
[EventRounds "1"]
[SourceTitle "Telechess CBM 165"]
[Source "ChessBase"]
[SourceDate "2015.03.11"]
[SourceVersion "1"]
[SourceVersionDate "2015.03.11"]
[SourceQuality "1"]
[WhiteTeam "Romania"]
[BlackTeam "Greece"]
[WhiteTeamCountry "ROU"]
[BlackTeamCountry "GRE"]

1. e4 e6 2. d4 d5 3. Nd2 Nf6 4. Bd3 c5 5. dxc5 Bxc5 6. exd5 Qxd5 7. Ngf3 Nc6 8. 0-0 0-0 9. Nb3 Be7 10. Qe2 Nb4 11. Bc4 Qe4 12. Qxe4 Nxe4 13. c3 Nc6 14. Bf4 Bd7 15. Rfd1 Nf6 16. Rd2 Rfc8 17. Rad1 Be8 18. Bd3 h6 19. h3 a5 20. Bg3 a4 21. Nc1 Na5 22. Ne2 Nc4 23. Bxc4 Rxc4 24. Bd6 Bxd6 25. Rxd6 b5 26. Nd2 Rcc8 27. Rd3 Nd5 28. Ne4 Ra6 29. g4 g6 30. Nd2 g5 31. Ne4 f6 32. a3 Bg6 33. f3 h5 34. Kf2 h4 35. R3d2 Be8 36. Nd4 Bd7 37. Nc2 Be8 38. Nb4 Nxb4 39. cxb4 Kg7 40. Nd6 Rb8 41. Nxe8+ Rxe8 42. Rd7+ Kg6 43. Rb7 Rc6 44. Rd2 f5 45. Rxb5 fxg4 46. fxg4 Rf8+ 47. Kg2 Rfc8 48. Re5 Kf6 49. Rde2 Ra8 50. R5e3 Ra7 51. Rf3+ Kg6 52. Rd3 Kf6 53. b3 axb3 54. Rf3+ Ke7 55. Rxb3 Rca6 56. Ree3 Kd6 57. Rbd3+ Ke7 58. Kf3 Ra8 59. Ke4 R8a7 60. Rc3 Kd6 61. Rcd3+ Ke7 62. Rc3 Kd6 63. Rf3 Ra4 64. Rfe3 R4a6 1/2-1/2

[Event "IECC CL4-2012.02 email"]
[Site "IECC email"]
[Date "2012.03.26"]
[Round "?"]
[White "Tsiapouris, Michael"]
[Black "Bennett, Gary"]
[Result "1-0"]
[WhiteElo "1645"]
[BlackElo "1641"]
[PlyCount "77"]
[EventDate "2012.??.??"]
[EventType "tourn (corr)"]
[EventRounds "4"]
[SourceTitle "Telechess CBM 165"]
[Source "ChessBase"]
[SourceDate "2015.03.11"]
[SourceVersion "1"]
[SourceVersionDate "2015.03.11"]
[SourceQuality "1"]
[WhiteTeam "Greece"]
[BlackTeam "Australia"]
[WhiteTeamCountry "GRE"]
[BlackTeamCountry "AUS"]

1. c4 Nf6 2. g3 c6 3. Bg2 e5 4. d4 exd4 5. Qxd4 d5 6. Nf3 Be7 7. cxd5 cxd5 8. 0-0 Nc6 9. Qa4 0-0 10. Nc3 Bd7 11. Be3 a6 12. Rad1 Nb4 13. Qb3 Be6 14. Nd4 a5 15. a3 Na6 16. Ndb5 Nc5 17. Qc2 Qd7 18. Nd4 Rfd8 19. Kh1 Bh3 20. f3 Bxg2+ 21. Kxg2 Ne6 22. Rd2 Bc5 23. Nxe6 Bxe3 24. Nxd8 Bxd2 25. Qxd2 Rxd8 26. Qd3 d4 27. Nb5 Nd5 28. Nxd4 Nf4+ 29. gxf4 Qxd4 30. Rd1 Qxd3 31. Rxd3 Rxd3 32. exd3 Kf8 33. Kf2 Ke7 34. Ke3 Kd6 35. Kd4 Ke6 36. Kc5 a4 37. d4 f5 38. d5+ Kd7 39. Kb5 1-0

[Event "IECC Swiss-549.4"]
[Site "IECC email"]
[Date "2011.07.22"]
[Round "?"]
[White "Mauro, Danilo"]
[Black "Tsiapouris, Michael"]
[Result "1-0"]
[WhiteElo "1673"]
[BlackElo "1677"]
[PlyCount "39"]
[EventDate "2011.??.??"]
[EventType "swiss (corr)"]
[EventRounds "1"]
[SourceTitle "Telechess CBM 149"]
[Source "ChessBase"]
[SourceDate "2012.07.17"]
[SourceVersion "1"]
[SourceVersionDate "2012.07.17"]
[SourceQuality "1"]
[WhiteTeam "Italy"]
[BlackTeam "Greece"]
[WhiteTeamCountry "ITA"]
[BlackTeamCountry "GRE"]

1. e4 c6 2. d4 d5 3. e5 c5 4. dxc5 e6 5. Qg4 Nd7 6. Nf3 Qc7 7. Nc3 Nxe5 8. Nb5 Nxf3+ 9. Qxf3 Qe5+ 10. Be2 g5 11. Be3 Qb8 12. Bd4 e5 13. Qxd5 exd4 14. Qxd4 f6 15. Bh5+ Ke7 16. 0-0 Be6 17. Rfe1 Nh6 18. Rxe6+ Kxe6 19. Re1+ Qe5 20. Nc7+ 1-0

[Event "IECC CL4-2011.05 email"]
[Site "IECC email"]
[Date "2011.07.01"]
[Round "?"]
[White "Bertel, Michael"]
[Black "Tsiapouris, Michael"]
[Result "1-0"]
[WhiteElo "1726"]
[BlackElo "1662"]
[PlyCount "85"]
[EventDate "2011.??.??"]
[EventType "tourn (corr)"]
[EventRounds "4"]
[SourceTitle "Telechess CBM 165"]
[Source "ChessBase"]
[SourceDate "2015.03.11"]
[SourceVersion "1"]
[SourceVersionDate "2015.03.11"]
[SourceQuality "1"]
[WhiteTeam "US of America"]
[BlackTeam "Greece"]
[WhiteTeamCountry "USA"]
[BlackTeamCountry "GRE"]

1. d4 e6 2. e4 d5 3. exd5 exd5 4. Nf3 Bg4 5. Nc3 c6 6. h3 Bh5 7. g4 Bg6 8. Bf4 Bd6 9. Bxd6 Qxd6 10. Qe2+ Qe7 11. Qxe7+ Nxe7 12. 0-0-0 f6 13. Re1 Kf7 14. Nd2 h5 15. Bg2 hxg4 16. hxg4 Rxh1 17. Rxh1 Na6 18. f4 Kg8 19. Nb3 b6 20. f5 Bf7 21. Bf1 Nc7 22. Bd3 g6 23. fxg6 Nxg6 24. Ne2 Ne6 25. Rf1 Kg7 26. Ng3 Ne7 27. Bf5 Ng5 28. Re1 Nxf5 29. Nxf5+ Kf8 30. Re7 Be6 31. Rc7 Rc8 32. Rxa7 Bxf5 33. gxf5 Nf7 34. Rd7 Ke8 35. Rb7 b5 36. Na5 Nd6 37. Rh7 Nxf5 38. Nb7 c5 39. dxc5 Rc6 40. a3 Re6 41. Rh5 Re1+ 42. Kd2 Rf1 43. Rxf5 1-0

[Event "IECC CL4-2010.09 email"]
[Site "IECC email"]
[Date "2010.12.11"]
[Round "?"]
[White "Tsiapouris, Michael"]
[Black "Alvar, Juan"]
[Result "0-1"]
[WhiteElo "1731"]
[BlackElo "1570"]
[PlyCount "82"]
[EventDate "2010.??.??"]
[EventType "tourn (corr)"]
[EventRounds "4"]
[SourceTitle "Telechess CBM 145"]
[Source "Chessbase"]
[SourceDate "2011.11.11"]
[SourceVersion "1"]
[SourceVersionDate "2011.11.11"]
[SourceQuality "1"]
[WhiteTeam "Greece"]
[BlackTeam "SPA"]
[WhiteTeamCountry "GRE"]

1. c4 Nf6 2. g3 g6 3. Bg2 Bg7 4. Nc3 0-0 5. e4 e5 6. Nge2 d6 7. 0-0 Nc6 8. d3 a5 9. h3 Be6 10. Nd5 Nb4 11. Qb3 Nd7 12. Nxb4 Nc5 13. Qc2 axb4 14. Bd2 Qd7 15. Kh2 Rxa2 16. Bxb4 Rxa1 17. Rxa1 f5 18. f4 fxe4 19. dxe4 Qc6 20. Bd2 b5 21. cxb5 Qxb5 22. Nc3 Qb3 23. Rc1 Qxc2 24. Rxc2 Bb3 25. Rc1 Nd3 26. Rf1 c6 27. h4 Nxb2 28. Rb1 Nc4 29. Be1 Na5 30. fxe5 Bxe5 31. Nd1 Bc2 32. Rc1 Bxd1 33. Rxd1 Nb3 34. Bd2 Nxd2 35. Rxd2 c5 36. Kh3 c4 37. Rc2 c3 38. Kg4 Kg7 39. Kh3 Bd4 40. Rc1 Rf2 41. Bf1 Rxf1 0-1

[Event "IECC Swiss-549"]
[Site "IECC email"]
[Date "2010.07.26"]
[Round "?"]
[White "Tsiapouris, Michael"]
[Black "Bascetta, Biagio J"]
[Result "1/2-1/2"]
[WhiteElo "1693"]
[BlackElo "1957"]
[PlyCount "46"]
[EventDate "2010.??.??"]
[EventType "match (corr)"]
[SourceTitle "Corr 2013"]
[Source "ChessBase"]
[SourceDate "2012.11.12"]
[SourceVersion "1"]
[SourceVersionDate "2012.11.12"]
[SourceQuality "1"]
[WhiteTeam "Canada"]
[BlackTeam "US of America"]
[WhiteTeamCountry "CAN"]
[BlackTeamCountry "USA"]

1. c4 e5 2. g3 Nf6 3. Bg2 d5 4. cxd5 Nxd5 5. Nc3 Nb6 6. Nf3 Nc6 7. 0-0 Be7 8. a3 0-0 9. b4 Be6 10. Rb1 f6 11. d3 Nd4 12. Nd2 c6 13. Nde4 Rf7 14. e3 Nb5 15. Bb2 Nxc3 16. Bxc3 Nd5 17. Ba1 a5 18. Nc5 Bc8 19. d4 axb4 20. axb4 b6 21. Nd3 Ba6 22. Re1 exd4 23. Bxd4 Bb5 1/2-1/2

[Event "IECC CL4-2010.05 email"]
[Site "IECC email"]
[Date "2010.07.11"]
[Round "?"]
[White "Hendriks, Richard V"]
[Black "Tsiapouris, Michael"]
[Result "1-0"]
[WhiteElo "1716"]
[BlackElo "1725"]
[PlyCount "77"]
[EventDate "2010.??.??"]
[EventType "tourn (corr)"]
[EventRounds "4"]
[SourceTitle "Corr 2013"]
[Source "ChessBase"]
[SourceDate "2012.11.12"]
[SourceVersion "1"]
[SourceVersionDate "2012.11.12"]
[SourceQuality "1"]
[WhiteTeam "US of America"]
[BlackTeam "South Africa"]
[WhiteTeamCountry "USA"]
[BlackTeamCountry "RSA"]

1. d4 Nf6 2. Nf3 g6 3. Bg5 Bg7 4. Nbd2 0-0 5. c3 d5 6. e3 b6 7. Bd3 Bb7 8. 0-0 c5 9. Qe2 Ne4 10. Bh4 Nd7 11. Rfd1 Ndf6 12. Ne5 Nxd2 13. Rxd2 Nd7 14. Nxd7 Qxd7 15. dxc5 bxc5 16. Bb5 Qc7 17. e4 Be5 18. exd5 Bxh2+ 19. Kh1 Be5 20. Re1 f6 21. Bc4 Qd6 22. Bg5 Kh8 23. Qe3 Qc7 24. Bh6 Rfe8 25. f4 Bd6 26. Bb5 Rg8 27. c4 Bc8 28. Bc6 Rb8 29. b3 g5 30. fxg5 Bf4 31. d6 Qxd6 32. Rxd6 Bxe3 33. Rd5 e6 34. Rdd1 Bf4 35. Rf1 fxg5 36. Rxf4 Rb6 37. Rf8 Rxf8 38. Bxf8 Rxc6 39. Bh6 1-0

[Event "Swiss-549.3.03"]
[Site "IECC email"]
[Date "2010.02.08"]
[Round "?"]
[White "Tsiapouris, Michael"]
[Black "Werhan, Matthew"]
[Result "1-0"]
[WhiteElo "1661"]
[BlackElo "1149"]
[PlyCount "97"]
[EventDate "2010.??.??"]
[EventType "tourn (corr)"]
[SourceTitle "Telechess CBM 149"]
[Source "ChessBase"]
[SourceDate "2012.07.17"]
[SourceVersion "1"]
[SourceVersionDate "2012.07.17"]
[SourceQuality "1"]
[WhiteTeam "Greece"]
[BlackTeam "US of America"]
[WhiteTeamCountry "GRE"]
[BlackTeamCountry "USA"]

1. c4 b6 2. Nc3 Bb7 3. e4 e6 4. Nge2 Nf6 5. d3 c5 6. g3 Nc6 7. Bg2 d6 8. 0-0 Be7 9. f4 0-0 10. f5 e5 11. h3 h6 12. g4 Ne8 13. Nd5 Bh4 14. Bd2 Nf6 15. Ndc3 Nd4 16. Kh2 Qe7 17. Nxd4 exd4 18. Ne2 Nd7 19. Nf4 Rfe8 20. Qe2 Nf6 21. Be1 Nd7 22. Bf2 Bc6 23. Qe1 Bg5 24. Bg3 Ne5 25. Qe2 Bh4 26. Qf2 Bxg3+ 27. Qxg3 a5 28. h4 f6 29. a4 Rac8 30. b3 Kh7 31. Ra2 Kg8 32. Bf3 Nf7 33. Kg1 Rc7 34. Rh2 Qe5 35. Kf2 Ra7 36. Be2 Qe7 37. Qf3 Ne5 38. Qh1 Qb7 39. g5 fxg5 40. hxg5 Nxd3+ 41. Bxd3 Bxe4 42. Bxe4 Qxe4 43. Qxe4 Rxe4 44. Nd5 Rf7 45. Kf3 Rxf5+ 46. Kxe4 Rxf1 47. gxh6 Re1+ 48. Kd3 Kh7 49. hxg7+ 1-0

[Event "IECC CL3-2009.05 email"]
[Site "IECC email"]
[Date "2009.09.25"]
[Round "?"]
[White "Reed, Arthur F"]
[Black "Tsiapouris, Michael"]
[Result "1/2-1/2"]
[WhiteElo "1924"]
[BlackElo "1670"]
[PlyCount "59"]
[EventDate "2009.??.??"]
[EventType "tourn (corr)"]
[EventRounds "4"]
[SourceTitle "Telechess CBM 137"]
[Source "ChessBase"]
[SourceDate "2010.07.15"]
[SourceVersion "1"]
[SourceVersionDate "2010.07.15"]
[SourceQuality "1"]
[WhiteTeam "England"]
[BlackTeam "Greece"]
[WhiteTeamCountry "ENG"]
[BlackTeamCountry "GRE"]

1. e4 e6 2. d4 d5 3. Nd2 Nf6 4. e5 Nfd7 5. c3 c5 6. Bd3 Nc6 7. Ne2 cxd4 8. cxd4 f6 9. exf6 Qxf6 10. Nf3 h6 11. 0-0 Bd6 12. a3 0-0 13. Qb3 Rd8 14. Re1 Nf8 15. Bd2 Rb8 16. Rac1 Bd7 17. Bc2 Be8 18. Ng3 Bg6 19. Qe3 Bxc2 20. Rxc2 Re8 21. b4 a6 22. a4 Nxb4 23. Bxb4 Bxb4 24. Rec1 Bd6 25. Ne5 Bxe5 26. dxe5 Qd8 27. f4 b5 28. Rc7 Re7 29. Qa7 Ra8 30. Qb7 1/2-1/2

[Event "IECC Swiss-532"]
[Site "IECC email"]
[Date "2008.05.14"]
[Round "?"]
[White "Tsiapouris, Michael"]
[Black "Von Rosenberg, Clemens"]
[Result "1/2-1/2"]
[WhiteElo "1732"]
[BlackElo "1537"]
[PlyCount "84"]
[EventDate "2008.??.??"]
[EventType "match (corr)"]
[SourceTitle "Corr 2013"]
[Source "ChessBase"]
[SourceDate "2012.11.12"]
[SourceVersion "1"]
[SourceVersionDate "2012.11.12"]
[SourceQuality "1"]
[WhiteTeam "Germany"]
[BlackTeam "Wales"]
[WhiteTeamCountry "GER"]
[BlackTeamCountry "WLS"]

1. c4 g6 2. g3 Bg7 3. Bg2 Nf6 4. Nc3 0-0 5. Nf3 c5 6. 0-0 Nc6 7. d4 cxd4 8. Nxd4 Nxd4 9. Qxd4 d6 10. Qd3 Rb8 11. c5 dxc5 12. Qxd8 Rxd8 13. Bf4 Ra8 14. Rfd1 Rxd1+ 15. Rxd1 Be6 16. Bxb7 Rf8 17. Be3 Rb8 18. Bg2 Nd7 19. Bc6 Nf8 20. Rd2 Bd4 21. Bf4 Rb6 22. Ba8 Ra6 23. Bb7 Bxc3 24. Bxa6 Bxd2 25. Bxd2 Bxa2 26. b4 Ne6 27. Bc8 cxb4 28. Bxe6 Bxe6 29. Bxb4 Bc4 30. Kf1 e5 31. Ke1 f6 32. h4 Kf7 33. e3 Bd5 34. Kd2 Ke6 35. Ba5 h6 36. Bd8 g5 37. Ke1 Be4 38. Kd2 g4 39. Kc3 h5 40. Kc4 Bc6 41. Kc5 Ba4 42. Kb4 Bc2 1/2-1/2

[Event "IECC Swiss-521"]
[Site "IECC email"]
[Date "2008.03.24"]
[Round "?"]
[White "Tsiapouris, Michael"]
[Black "Odendahl, Marcel"]
[Result "0-1"]
[WhiteElo "1723"]
[BlackElo "1623"]
[PlyCount "58"]
[EventDate "2008.??.??"]
[EventType "match (corr)"]
[SourceTitle "Corr 2013"]
[Source "ChessBase"]
[SourceDate "2012.11.12"]
[SourceVersion "1"]
[SourceVersionDate "2012.11.12"]
[SourceQuality "1"]
[WhiteTeam "US of America"]
[BlackTeam "India"]
[WhiteTeamCountry "USA"]
[BlackTeamCountry "IND"]

1. e4 c5 2. Nc3 Nc6 3. g3 g6 4. Bg2 e6 5. d3 Bg7 6. Be3 d6 7. Qd2 Qa5 8. Nge2 Nd4 9. 0-0 Ne7 10. a3 0-0 11. Kh1 Bd7 12. b4 Qa6 13. Rab1 b6 14. Ng1 Qxa3 15. bxc5 bxc5 16. Rb7 Rfd8 17. e5 Rab8 18. Rxb8 Rxb8 19. exd6 Nec6 20. Ne4 f5 21. Ng5 Rb2 22. Qc1 Qc3 23. Qa1 Nxc2 24. Qa4 Nxe3 25. Bxc6 Rb4 26. Bxd7 Rxa4 27. Bxe6+ Kf8 28. d7 Bf6 29. Nxh7+ Ke7 0-1